00888nam a22002534a 4500001000800000007000300008008004100011040001200052041000800064043000700072082002600079110004900105245015200154250001000306260005200316300001700368650003000385650002700415650001500442710004200457942002400499999001700523952009400540ESSALUDta t2017 pe gr 00| 0 spa d aESSALUD aspa cpe a657.3bG98E/2015-2016 aGutiérrez Ríos y Asociadoseautor952886 aSeguro Social de Salud - EsSalud : estados financieros combinados al 31 de diciembre de 2016 y 2015, con el informe de los auditores independientes a1 ed. aLima : bGutiérrez Ríos y Asociados, c2017 a80 páginas aESTADOS FINANCIEROS93290 aSEGURIDAD SOCIAL92070 aPERÚ913 aPortal Vega & Asociadoseautor952888 cBKe2026-06-25zAFC c22555d22555 2ddc408CSSaBCbBCd2026-06-25eDonacionl0o657.3/G98E/2015-2016p10707r2026-06-25yBK